|
|
|
|
| LEADER |
00892cam a2200205 7i4500 |
| 001 |
0000017146 |
| 005 |
20170223090000.0 |
| 008 |
070815 eng |
| 020 |
|
|
|a 1856043509
|
| 090 |
0 |
0 |
|a Z678.85
|b LIB 1999
|
| 110 |
2 |
|
|a Library Association Information Services Group
|
| 245 |
1 |
0 |
|a Guidelines for reference and services in public libraries
|c Library Association Information Services Group.
|
| 260 |
|
|
|a London:
|b Library Association Publishing,
|c 1999.
|
| 300 |
|
|
|a iv, 60 p.;
|c 30 cm.
|
| 504 |
|
|
|a Includes bibliographical references
|
| 650 |
0 |
0 |
|a Public libraries --
|x Reference services --
|x Standards --
|z Great Britain
|
| 650 |
0 |
0 |
|a Public libraries --
|x Standards --
|z Great Britain
|
| 997 |
|
|
|a Communication, Visual Art & Computing, Faculty
|b Communication, Department
|
| 998 |
|
|
|a Library Science, Diploma
|
| 999 |
|
|
|a 0000024199
|b BOK
|c REFERENCE
|e 2nd Floor, Shah Alam
|